| 000 | 00420nam a22001577a 4500 | ||
|---|---|---|---|
| 003 | PILC | ||
| 005 | 20150903122836.0 | ||
| 008 | 150903b xxu||||| |||| 00| 0 eng d | ||
| 020 | _a0733547060 | ||
| 050 |
_aPZ 7 _b.R812 2003 |
||
| 100 | _aRosemoor, Patricia. | ||
| 245 |
_aHot zone / _cPatricia Rosemoor. |
||
| 260 |
_aAustralia : _bHarlequin Mills & Boon, _c2003. |
||
| 300 |
_a250 pages ; _c18 cm. |
||
| 942 |
_2lcc _cBK |
||
| 999 |
_c288588 _d288588 |
||